| 000 | 00509nam a2200157Ia 4500 | ||
|---|---|---|---|
| 008 | 100122s9999 xx 000 0 und d | ||
| 082 |
_b3883 _a824 |
||
| 100 | _aसानेगुरुजी | ||
| 245 | _aभारतीय संस्कृती - RC | ||
| 250 | _a0 | ||
| 260 |
_bकॉटिनेंटल प्रकाशन _c1937 |
||
| 300 | _a250 | ||
| 630 | _aभारतीय संस्कृती - RC | ||
| 730 | _aभारतीय संस्कृती - RC | ||
| 942 | _cBOOK | ||
| 999 |
_c397728 _d397725 |
||